Statistics for maths questions

Click here to take the quiz!

General Stats

  • This quiz has been taken 199 times
  • The average score is 5 of 5

Answer Stats

hintAnswer% Correct
34 x 3102
99%
3 x 2369
99%
120 / 430
97%
54 + 69123
93%
69 x 6414
75%

Score Distribution

Percentile by Number Answered

Percent of People with Each Score

Your Score History

You have not taken this quiz